[Event "Vesterhav"]
[Site "Esbjerg"]
[Date "2008.07.15"]
[Round "7"]
[White "Andersen, Morten"]
[Black "Hansen, Rene Rauer"]
[Result "1-0"]
[WhiteElo "2185"]
[BlackElo "2001"]
[PlyCount "33"]
[EventDate "2008.07.11"]
[EventType "swiss"]
[EventRounds "10"]
[EventCountry "DEN"]
[Source "ChessBase"]
[SourceDate "2008.09.01"]

1. d4 Nf6 2. c4 g6 3. Nc3 Bg7 4. e4 d6 5. Be2 O-O 6. f4 c5 7. Nf3 cxd4 8. Nxd4
Nc6 9. Be3 Bd7 10. O-O e6 11. Ndb5 d5 12. cxd5 exd5 13. e5 Ne4 14. Nxd5 Be6 15.
Ndc7 Rc8 16. Nxe6 fxe6 17. Qa4 1-0

[Event "Vesterhav"]
[Site "Esbjerg"]
[Date "2008.07.15"]
[Round "7"]
[White "Andersen, Vagn Skov"]
[Black "Zachariassen, John"]
[Result "1/2-1/2"]
[WhiteElo "1778"]
[BlackElo "1949"]
[PlyCount "143"]
[EventDate "2008.07.11"]
[EventType "swiss"]
[EventRounds "10"]
[EventCountry "DEN"]
[Source "ChessBase"]
[SourceDate "2008.09.01"]

1. c4 d6 2. Nc3 Nd7 3. g3 Ngf6 4. Bg2 e5 5. d3 Be7 6. e4 Nc5 7. Nge2 Bg4 8. h3
Bd7 9. O-O c6 10. d4 Ne6 11. d5 Nc5 12. b4 Na6 13. dxc6 bxc6 14. a3 Nc7 15. Be3
Be6 16. Qd3 Qc8 17. Kh2 Qb7 18. f4 Rd8 19. f5 Bc8 20. Bg5 Ng4+ 21. hxg4 Bxg5
22. Bf3 Na8 23. Ng1 Qe7 24. Nh3 Bf6 25. Kg2 Nc7 26. Qe3 h6 27. Qxa7 Ba6 28. Be2
Ra8 29. Qb6 O-O 30. Qe3 d5 31. cxd5 Bxe2 32. Qxe2 cxd5 33. Nxd5 Nxd5 34. exd5
e4 35. Ra2 Rfe8 36. Qe3 Rac8 37. Ng1 Rc3 38. Qe1 Qd6 39. Ne2 Rc4 40. Nf4 Be5
41. Qe2 Rec8 42. Rd2 Qb6 43. Kh3 Qd6 44. Ra2 Bxf4 45. Rxf4 Qxd5 46. Rd2 Qc6 47.
Qe3 Re8 48. Rd4 Rc3 49. Qe2 e3 50. Rf1 Rc2 51. b5 Qa8 52. Qxc2 e2 53. Re1 Qf3
54. Rf4 Qa8 55. Kh2 Qxa3 56. Rxe2 Rb8 57. Rfe4 Qa8 58. Qc6 Qa7 59. Re8+ Rxe8
60. Rxe8+ Kh7 61. Qe4 f6 62. Qc4 h5 63. Qg8+ Kh6 64. Qh8+ Kg5 65. Re4 Qf2+ 66.
Kh1 Qf1+ 67. Kh2 Qf2+ 68. Kh1 Qf1+ 69. Kh2 Qf2+ 70. Kh3 g6 71. fxg6 Qf1+ 72.
Kh2 1/2-1/2

[Event "Vesterhav"]
[Site "Esbjerg"]
[Date "2008.07.15"]
[Round "7"]
[White "Bach, Matthias"]
[Black "Leenhouts, Koen"]
[Result "0-1"]
[WhiteElo "2272"]
[BlackElo "2400"]
[PlyCount "70"]
[EventDate "2008.07.11"]
[EventType "swiss"]
[EventRounds "10"]
[EventCountry "DEN"]
[Source "ChessBase"]
[SourceDate "2008.09.01"]

1. d4 Nf6 2. c4 g6 3. Nc3 Bg7 4. e4 O-O 5. f4 d6 6. Nf3 c5 7. d5 e6 8. Be2 exd5
9. cxd5 Bg4 10. O-O Nbd7 11. Re1 Ne8 12. Be3 Nc7 13. h3 Bxf3 14. Bxf3 Rb8 15.
g4 g5 16. Ne2 Bxb2 17. Rb1 gxf4 18. Nxf4 Be5 19. Nh5 Kh8 20. g5 f6 21. Bg4 fxg5
22. Qd2 h6 23. Kh1 Nf6 24. Nxf6 Qxf6 25. Qe2 b5 26. Bf5 Nxd5 27. Bd2 c4 28. Rg1
Nf4 29. Bxf4 Bxf4 30. Rbf1 Qe5 31. Qh5 Rf6 32. h4 Rg8 33. Rg4 c3 34. Rfg1 c2
35. hxg5 Rxg5 0-1

[Event "Vesterhav"]
[Site "Esbjerg"]
[Date "2008.07.15"]
[Round "7"]
[White "Carlstedt, Jonathan"]
[Black "Spirin, Oleg"]
[Result "1/2-1/2"]
[WhiteElo "2203"]
[BlackElo "2446"]
[PlyCount "42"]
[EventDate "2008.07.11"]
[EventType "swiss"]
[EventRounds "10"]
[EventCountry "DEN"]
[Source "ChessBase"]
[SourceDate "2008.09.01"]

1. c4 c5 2. g3 Nf6 3. Bg2 d5 4. cxd5 Nxd5 5. Nc3 Nc7 6. Nf3 Nc6 7. O-O e5 8.
Ne1 Be7 9. Nd3 f6 10. b3 Bd7 11. Ba3 b6 12. f4 exf4 13. Nxf4 O-O 14. e3 Rc8 15.
Rc1 a5 16. d4 Nb4 17. d5 Bd6 18. Bb2 Qe7 19. Re1 Rfe8 20. a3 Nba6 21. Ne4 Rcd8
1/2-1/2

[Event "Vesterhav"]
[Site "Esbjerg"]
[Date "2008.07.15"]
[Round "7"]
[White "Evdokimov, Alexander A"]
[Black "Ashwin, Jayaram"]
[Result "1/2-1/2"]
[WhiteElo "2555"]
[BlackElo "2436"]
[PlyCount "84"]
[EventDate "2008.07.11"]
[EventType "swiss"]
[EventRounds "10"]
[EventCountry "DEN"]
[Source "ChessBase"]
[SourceDate "2008.09.01"]

1. d4 d5 2. c4 c6 3. Nf3 e6 4. g3 dxc4 5. Bg2 Nf6 6. O-O Nbd7 7. a4 b5 8. Ne5
Nxe5 9. dxe5 Nd5 10. axb5 cxb5 11. Nc3 Rb8 12. Nxd5 exd5 13. Bxd5 Qc7 14. Be3
a6 15. b3 Bc5 16. Bxc5 Qxc5 17. bxc4 O-O 18. cxb5 Rxb5 19. e4 Qc3 20. Rc1 Qxe5
21. Bxf7+ Kxf7 22. Rxc8 Rxc8 23. Qd7+ Qe7 24. Qxc8 Qxe4 25. Qxa6 Rb7 26. Rc1 h6
27. h3 Kg8 28. Qc4+ Qxc4 29. Rxc4 h5 30. Kg2 g6 31. Kf3 Kg7 32. Rc5 Rf7+ 33.
Ke3 Re7+ 34. Kf4 Rf7+ 35. Ke3 Re7+ 36. Kf4 Rf7+ 37. Kg5 Rxf2 38. Rc7+ Rf7 39.
Rxf7+ Kxf7 40. Kh6 Kf6 41. g4 hxg4 42. hxg4 g5 1/2-1/2

[Event "Vesterhav"]
[Site "Esbjerg"]
[Date "2008.07.15"]
[Round "7"]
[White "Grove, Peter"]
[Black "Hagen, Andreas Skytte"]
[Result "1/2-1/2"]
[WhiteElo "2109"]
[BlackElo "2288"]
[PlyCount "56"]
[EventDate "2008.07.11"]
[EventType "swiss"]
[EventRounds "10"]
[EventCountry "DEN"]
[Source "ChessBase"]
[SourceDate "2008.09.01"]

1. e4 e6 2. d4 d5 3. Nc3 Be7 4. exd5 exd5 5. Bd3 Nc6 6. Be3 Nf6 7. Nge2 Nb4 8.
Ng3 Nxd3+ 9. Qxd3 c6 10. Nf5 Bxf5 11. Qxf5 Qd7 12. Qd3 Bb4 13. f3 O-O 14. O-O
Bxc3 15. Qxc3 h6 16. Rfe1 Rfe8 17. Bd2 Rxe1+ 18. Rxe1 Re8 19. a4 Rxe1+ 20. Bxe1
Qe7 21. Kf2 Ne8 22. Qa5 Qh4+ 23. Ke3 Qg5+ 24. Kf2 Qh4+ 25. Ke3 Qe7+ 26. Kf2 a6
27. Qd2 Nc7 28. Qb4 Qxb4 1/2-1/2

[Event "Vesterhav"]
[Site "Esbjerg"]
[Date "2008.07.15"]
[Round "7"]
[White "Hansen, Ib Lynaes"]
[Black "Fogh, Jens Olaf Svanholm"]
[Result "0-1"]
[WhiteElo "1926"]
[BlackElo "2032"]
[PlyCount "80"]
[EventDate "2008.07.11"]
[EventType "swiss"]
[EventRounds "10"]
[EventCountry "DEN"]
[Source "ChessBase"]
[SourceDate "2008.09.01"]

1. e4 c6 2. d4 d5 3. Nd2 dxe4 4. Nxe4 Bf5 5. Ng3 Bg6 6. Nf3 Nd7 7. Bd3 Ngf6 8.
O-O e6 9. c4 Bd6 10. b3 O-O 11. Bb2 Rb8 12. Ne5 Bxe5 13. Bxg6 Bxg3 14. Bxf7+
Rxf7 15. hxg3 c5 16. Qe2 Re7 17. Rad1 Qe8 18. Ba3 b6 19. Rfe1 Qh5 20. f3 Rbe8
21. b4 cxd4 22. Rxd4 e5 23. Rh4 Qg6 24. c5 Qxg3 25. Rh3 Qf4 26. c6 Nf8 27. b5
Re6 28. Bc1 Qd4+ 29. Be3 Qd6 30. Rd1 Qc7 31. Qd2 Ng6 32. g3 Ne7 33. a4 Nf5 34.
Bf2 Rd6 35. Qa2+ Kh8 36. Re1 e4 37. Kh1 e3 38. Bg1 Rd2 39. Qb1 Qxg3 40. Rxg3
Nxg3# 0-1

[Event "Vesterhav"]
[Site "Esbjerg"]
[Date "2008.07.15"]
[Round "7"]
[White "Haslinger, Ewald"]
[Black "Christensen, Michael"]
[Result "1-0"]
[WhiteElo "1711"]
[BlackElo "1509"]
[PlyCount "75"]
[EventDate "2008.07.11"]
[EventType "swiss"]
[EventRounds "10"]
[EventCountry "DEN"]
[Source "ChessBase"]
[SourceDate "2008.09.01"]

1. e4 c6 2. d4 d5 3. exd5 cxd5 4. Nf3 Nc6 5. c4 Nf6 6. h3 e6 7. Bg5 h6 8. Bh4
Be7 9. Nc3 O-O 10. Ne5 Qb6 11. Nxc6 bxc6 12. Rb1 Ba6 13. c5 Qb7 14. Bd3 Bxd3
15. Qxd3 Nh7 16. Bxe7 Qxe7 17. O-O f6 18. Rfe1 e5 19. dxe5 fxe5 20. Nxd5 Qf7
21. Ne3 Qxf2+ 22. Kh1 Rad8 23. Qc4+ Kh8 24. Re2 Qf4 25. Rf1 Qg5 26. Rxf8+ Rxf8
27. Ng4 Rf1+ 28. Kh2 Nf6 29. Nxe5 Kh7 30. Nxc6 h5 31. Re5 Ng4+ 32. Qxg4 Qxe5+
33. Nxe5 hxg4 34. hxg4 Rc1 35. b4 Rc2 36. c6 Rxa2 37. b5 Rb2 38. c7 1-0

[Event "Vesterhav"]
[Site "Esbjerg"]
[Date "2008.07.15"]
[Round "7"]
[White "Helledie, Anders"]
[Black "Svane, Henrik"]
[Result "1-0"]
[WhiteElo "2223"]
[BlackElo "2150"]
[PlyCount "55"]
[EventDate "2008.07.11"]
[EventType "swiss"]
[EventRounds "10"]
[EventCountry "DEN"]
[Source "ChessBase"]
[SourceDate "2008.09.01"]

1. e4 e6 2. d4 d5 3. Nc3 Bb4 4. e5 c5 5. a3 Bxc3+ 6. bxc3 Ne7 7. Qg4 Qc7 8.
Qxg7 Rg8 9. Qxh7 cxd4 10. Ne2 Nbc6 11. f4 Bd7 12. Qd3 dxc3 13. Qxc3 Nf5 14. Rb1
d4 15. Qd3 O-O-O 16. Rg1 f6 17. g4 Nh4 18. exf6 e5 19. Kf2 Rxg4 20. Rxg4 Bxg4
21. Qg3 Bxe2 22. Bxe2 Qh7 23. Qh3+ Kb8 24. fxe5 Qxc2 25. Qd3 Qc5 26. Bf4 Ka8
27. Rb5 Qf8 28. Qh3 1-0

[Event "Vesterhav"]
[Site "Esbjerg"]
[Date "2008.07.15"]
[Round "7"]
[White "Holm, Sejer"]
[Black "Amberger, Dieter"]
[Result "1-0"]
[WhiteElo "2240"]
[BlackElo "2110"]
[PlyCount "49"]
[EventDate "2008.07.11"]
[EventType "swiss"]
[EventRounds "10"]
[EventCountry "DEN"]
[Source "ChessBase"]
[SourceDate "2008.09.01"]

1. Nf3 d5 2. b3 Bg4 3. e3 Nd7 4. h3 Bh5 5. Bb2 Ngf6 6. Be2 e6 7. c4 c6 8. O-O
Bd6 9. d4 O-O 10. Nc3 Re8 11. Rc1 Rc8 12. g4 Bg6 13. Nh4 Ne4 14. Nxg6 Nxc3 15.
Bxc3 hxg6 16. Bf3 Bb8 17. Bg2 g5 18. f4 g6 19. Rc2 f5 20. cxd5 cxd5 21. gxf5
gxf5 22. Qh5 gxf4 23. Bxd5 Rxc3 24. Rg2+ Kf8 25. Qh7 1-0

[Event "Vesterhav"]
[Site "Esbjerg"]
[Date "2008.07.15"]
[Round "7"]
[White "Husted, Peter"]
[Black "Vul, Arkadi Eremeevich"]
[Result "0-1"]
[WhiteElo "2149"]
[BlackElo "2332"]
[PlyCount "68"]
[EventDate "2008.07.11"]
[EventType "swiss"]
[EventRounds "10"]
[EventCountry "DEN"]
[Source "ChessBase"]
[SourceDate "2008.09.01"]

1. d4 d5 2. Bf4 Nf6 3. e3 e6 4. Nf3 Be7 5. h3 O-O 6. Nbd2 b6 7. Bd3 Bb7 8. O-O
Nbd7 9. Ne5 c5 10. c3 Ne4 11. Nxd7 Qxd7 12. Qc2 Nxd2 13. Qxd2 a5 14. Qe2 c4 15.
Bc2 b5 16. e4 dxe4 17. Bxe4 Bxe4 18. Qxe4 Qd5 19. Rfe1 Qxe4 20. Rxe4 Rfd8 21.
a3 Kf8 22. a4 b4 23. Bg3 Rd5 24. Re5 Rad8 25. Rc1 Bd6 26. Rxd5 exd5 27. Bxd6+
Rxd6 28. Re1 f6 29. cxb4 axb4 30. Kf1 Ra6 31. Ra1 Ke7 32. f3 Kd7 33. Ke2 Re6+
34. Kd2 Kc6 0-1

[Event "Vesterhav"]
[Site "Esbjerg"]
[Date "2008.07.15"]
[Round "7"]
[White "Jacobsen, Per"]
[Black "Porsgaard, Per Lykke"]
[Result "1-0"]
[WhiteElo "1702"]
[BlackElo "1248"]
[PlyCount "71"]
[EventDate "2008.07.11"]
[EventType "swiss"]
[EventRounds "10"]
[EventCountry "DEN"]
[Source "ChessBase"]
[SourceDate "2008.09.01"]

1. b3 d5 2. Bb2 c5 3. e3 Nc6 4. Nf3 e6 5. Be2 Nf6 6. O-O Be7 7. d4 O-O 8. Nbd2
Nd7 9. c4 cxd4 10. Nxd4 Bf6 11. N2f3 Nc5 12. Rc1 Ne4 13. Ba3 Re8 14. cxd5 Nxd4
15. Nxd4 exd5 16. Nb5 Bd7 17. Nc7 Nc3 18. Rxc3 Bxc3 19. Nxa8 Bc6 20. Qc2 Bf6
21. Bd3 g6 22. Nb6 axb6 23. Rd1 d4 24. Be2 Be4 25. Qc4 Bd5 26. Qd3 Be4 27. Qd2
dxe3 28. Qxe3 Qa8 29. Qxb6 Qxa3 30. Qxf6 Qxa2 31. Bc4 Qc2 32. Qxf7+ Kh8 33.
Qxe8+ Kg7 34. Qf7+ Kh6 35. Qf4+ g5 36. Qd2 1-0

[Event "Vesterhav"]
[Site "Esbjerg"]
[Date "2008.07.15"]
[Round "7"]
[White "Jensby, Morten"]
[Black "Hansen, Erik Hedegaard"]
[Result "1-0"]
[WhiteElo "2021"]
[BlackElo "1818"]
[PlyCount "53"]
[EventDate "2008.07.11"]
[EventType "swiss"]
[EventRounds "10"]
[EventCountry "DEN"]
[Source "ChessBase"]
[SourceDate "2008.09.01"]

1. c4 Nf6 2. g3 d5 3. Bg2 c6 4. d4 e6 5. Nf3 Bd6 6. O-O O-O 7. Nc3 Nbd7 8. c5
Bc7 9. Bf4 Bxf4 10. gxf4 b6 11. b4 Ba6 12. Qc2 h6 13. a4 Bc4 14. Nd2 b5 15.
Nxc4 dxc4 16. axb5 Ng4 17. bxc6 Qh4 18. h3 Ndf6 19. e3 g5 20. hxg4 Nxg4 21.
Rfb1 gxf4 22. exf4 Qh2+ 23. Kf1 f5 24. Ne2 Qh4 25. Ng3 Nh2+ 26. Kg1 Rfd8 27.
Qe2 1-0

[Event "Vesterhav"]
[Site "Esbjerg"]
[Date "2008.07.15"]
[Round "7"]
[White "Jensen, Jan Kargaard"]
[Black "Zyde, Fadmal"]
[Result "0-1"]
[WhiteElo "1813"]
[BlackElo "1659"]
[PlyCount "70"]
[EventDate "2008.07.11"]
[EventType "swiss"]
[EventRounds "10"]
[EventCountry "DEN"]
[Source "ChessBase"]
[SourceDate "2008.09.01"]

1. d4 d5 2. Bf4 Nf6 3. Nf3 e6 4. e3 c5 5. Nbd2 c4 6. c3 b5 7. Be2 Nc6 8. Ne5
Nxe5 9. Bxe5 Be7 10. O-O Bb7 11. Qc2 h5 12. h3 g5 13. f4 g4 14. f5 Rg8 15. fxe6
fxe6 16. Bxf6 gxh3 17. Bxh5+ Kd7 18. g4 Bxf6 19. Rf3 h2+ 20. Kxh2 Be7 21. Raf1
Bd6+ 22. Kh3 Qg5 23. Qc1 Rh8 24. Qe1 Be7 25. Rf7 Rxh5+ 26. gxh5 Qxh5+ 27. Kg2
Rg8+ 28. Qg3 Rxg3+ 29. Kxg3 Qg5+ 30. Kf2 Qg6 31. Ke1 Kd6 32. R7f4 Qd3 33. R1f3
Qg6 34. Kf2 Qc2 35. Ke2 Qxb2 0-1

[Event "Vesterhav"]
[Site "Esbjerg"]
[Date "2008.07.15"]
[Round "7"]
[White "Jensen, John Klaus"]
[Black "Madsen, Tobias Juul"]
[Result "1-0"]
[WhiteElo "1960"]
[BlackElo "1608"]
[PlyCount "43"]
[EventDate "2008.07.11"]
[EventType "swiss"]
[EventRounds "10"]
[EventCountry "DEN"]
[Source "ChessBase"]
[SourceDate "2008.09.01"]

1. c4 Nf6 2. Nf3 e6 3. g3 c6 4. Bg2 d5 5. cxd5 cxd5 6. d4 Nc6 7. O-O Bd6 8. Nc3
a6 9. Bg5 h6 10. Bxf6 gxf6 11. e4 Bc7 12. exd5 exd5 13. Re1+ Be6 14. Qb3 Na5
15. Qxd5 Qxd5 16. Nxd5 Bd8 17. Nf4 Kd7 18. d5 Bf5 19. Rac1 b6 20. Nh4 Bh7 21.
Bh3+ Kd6 22. b4 1-0

[Event "Vesterhav"]
[Site "Esbjerg"]
[Date "2008.07.15"]
[Round "7"]
[White "Jensen, Leif Haugaard"]
[Black "Jacobsen, Mads Holger Bang"]
[Result "1-0"]
[WhiteElo "2010"]
[BlackElo "1831"]
[PlyCount "87"]
[EventDate "2008.07.11"]
[EventType "swiss"]
[EventRounds "10"]
[EventCountry "DEN"]
[Source "ChessBase"]
[SourceDate "2008.09.01"]

1. e4 c5 2. g3 d5 3. d3 dxe4 4. dxe4 Qxd1+ 5. Kxd1 Nc6 6. f3 Nf6 7. c3 b6 8.
Nh3 Bb7 9. Nf2 O-O-O+ 10. Kc2 e6 11. Be2 h6 12. Be3 Bd6 13. Nd2 Bc7 14. Rad1
Nh7 15. Nc4 Ne7 16. Rxd8+ Rxd8 17. Rd1 Rxd1 18. Kxd1 Nf6 19. Nd3 Nd7 20. Bf4 b5
21. Nd6+ Bxd6 22. Bxd6 c4 23. Bxe7 cxd3 24. Bxd3 Ne5 25. Be2 f5 26. exf5 exf5
27. Bf8 Nxf3 28. Bxg7 Nxh2 29. Bxh6 Ng4 30. Bf4 a6 31. Kd2 Kd7 32. Kd3 Ke6 33.
Kd4 Bd5 34. b3 Nf2 35. Bh5 Bb7 36. Be2 Ne4 37. a3 Nf2 38. c4 bxc4 39. Bxc4+ Kd7
40. Ke5 Nh3 41. Be3 f4 42. gxf4 Bg2 43. Bxa6 Ke7 44. f5 1-0

[Event "Vesterhav"]
[Site "Esbjerg"]
[Date "2008.07.15"]
[Round "7"]
[White "Johansen, Johnny Holler"]
[Black "Oehmichen, Jan"]
[Result "1-0"]
[WhiteElo "2029"]
[BlackElo "1853"]
[PlyCount "95"]
[EventDate "2008.07.11"]
[EventType "swiss"]
[EventRounds "10"]
[EventCountry "DEN"]
[Source "ChessBase"]
[SourceDate "2008.09.01"]

1. d4 d5 2. Nf3 Nf6 3. c4 e6 4. Nc3 c6 5. Bg5 Be7 6. e3 Nbd7 7. Rc1 O-O 8. Bd3
a6 9. O-O dxc4 10. Bxc4 b5 11. Bb3 Bb7 12. Qe2 Qc7 13. Rfd1 Bd6 14. e4 Bf4 15.
Bxf4 Qxf4 16. e5 Ng4 17. g3 Qh6 18. Nh4 Nxh2 19. Kxh2 g5 20. Qg4 Kh8 21. Ne4
gxh4 22. Qxh4 Qxh4+ 23. gxh4 Rab8 24. Nd6 Ba8 25. f4 Nb6 26. Rg1 Nc8 27. Ne4
Ne7 28. Rg5 Rg8 29. Nd6 Rbf8 30. Rcg1 Rxg5 31. hxg5 Kg7 32. Kg3 Nf5+ 33. Nxf5+
exf5 34. Bc2 Rd8 35. Rd1 Kg6 36. Kf2 Bb7 37. Ke3 Rh8 38. Rh1 h6 39. gxh6 Bc8
40. Rg1+ Kxh6 41. Rg5 Rh7 42. Bxf5 Bxf5 43. Rxf5 Kg7 44. Rf6 Rh2 45. Rxc6 a5
46. d5 Rxb2 47. d6 Kf8 48. Rc8+ 1-0

[Event "Vesterhav"]
[Site "Esbjerg"]
[Date "2008.07.15"]
[Round "7"]
[White "Kops, John"]
[Black "Voss, Janine"]
[Result "0-1"]
[WhiteElo "1979"]
[BlackElo "1832"]
[PlyCount "72"]
[EventDate "2008.07.11"]
[EventType "swiss"]
[EventRounds "10"]
[EventCountry "DEN"]
[Source "ChessBase"]
[SourceDate "2008.09.01"]

1. e4 c5 2. Nf3 d6 3. Bc4 Nf6 4. d4 cxd4 5. Nxd4 Nc6 6. Nc3 Bd7 7. O-O g6 8.
Be3 Bg7 9. Nb3 O-O 10. f4 Ng4 11. Bf2 Nxf2 12. Rxf2 Rc8 13. Qf1 Na5 14. Nxa5
Qxa5 15. Nd5 Rfe8 16. Kh1 Qc5 17. Bb3 Bxb2 18. Rb1 Bd4 19. Rf3 e6 20. f5 exf5
21. exf5 Bxf5 22. Rxf5 gxf5 23. Qxf5 Kh8 24. Rf1 Bg7 25. c4 Re5 26. Qh3 Rce8
27. Bc2 h6 28. Qh4 Qa5 29. Nf6 Re1 30. Bd3 Rxf1+ 31. Bxf1 Re1 32. Qf2 Qc3 33.
Nh5 Qc1 34. Kg1 Qe3 35. Ng3 Bd4 36. Nh1 Qd3 0-1

[Event "Vesterhav"]
[Site "Esbjerg"]
[Date "2008.07.15"]
[Round "7"]
[White "Kovshoj, Sune"]
[Black "Jensen, Torben Richard"]
[Result "1-0"]
[WhiteElo "2013"]
[BlackElo "1968"]
[PlyCount "129"]
[EventDate "2008.07.11"]
[EventType "swiss"]
[EventRounds "10"]
[EventCountry "DEN"]
[Source "ChessBase"]
[SourceDate "2008.09.01"]

1. e4 e6 2. d4 d5 3. Nc3 dxe4 4. Nxe4 Nf6 5. Ng3 Nc6 6. Nf3 b6 7. Bb5 Bd7 8.
O-O Bd6 9. c3 Ne7 10. Bd3 Ng6 11. Ng5 Nf4 12. Bc2 Bc6 13. N5e4 Nxg2 14. Kxg2
Bxg3 15. fxg3 Bxe4+ 16. Bxe4 Nxe4 17. Qf3 Nf6 18. Bg5 Qd5 19. Bxf6 Qxf3+ 20.
Rxf3 gxf6 21. Rxf6 Ke7 22. Raf1 Raf8 23. g4 Rhg8 24. Kg3 h5 25. h3 Rg7 26. R6f4
f5 27. d5 hxg4 28. h4 Rgf7 29. Re1 Rf6 30. Rc4 Kd6 31. dxe6 c5 32. e7 Re8 33.
Ra4 a5 34. b4 axb4 35. cxb4 c4 36. Kf4 Rf7 37. b5 Kc5 38. Re5+ Kd4 39. Ra7 c3
40. Rd7+ Kc4 41. Rc7+ Kb4 42. a3+ Ka4 43. h5 g3 44. Rxc3 g2 45. Rg3 Rfxe7 46.
Rxe7 Rxe7 47. h6 Rh7 48. Kg5 Rh8 49. Kh5 Kxb5 50. Rxg2 Kc4 51. Rf2 Kb3 52. Rf3+
Ka4 53. Kg6 b5 54. Kg7 Rc8 55. h7 Rc7+ 56. Kg6 Rc6+ 57. Kg5 Rc8 58. Rh3 Rh8 59.
Kxf5 Rxh7 60. Rxh7 Kxa3 61. Ra7+ Kb3 62. Ke4 b4 63. Kd3 Kb2 64. Rb7 b3 65. Kc4
1-0

[Event "Vesterhav"]
[Site "Esbjerg"]
[Date "2008.07.15"]
[Round "7"]
[White "Kristensen, Hans Hald"]
[Black "Pedersen, Torben Phalaris"]
[Result "1/2-1/2"]
[WhiteElo "1820"]
[BlackElo "1973"]
[PlyCount "104"]
[EventDate "2008.07.11"]
[EventType "swiss"]
[EventRounds "10"]
[EventCountry "DEN"]
[Source "ChessBase"]
[SourceDate "2008.09.01"]

1. Nf3 d5 2. d4 c5 3. e3 e6 4. c3 Nc6 5. Be2 Bd6 6. O-O Qc7 7. Re1 Nf6 8. h3
Ne4 9. Nbd2 f5 10. dxc5 Bxc5 11. Nxe4 fxe4 12. Nd4 O-O 13. b4 Bb6 14. f4 exf3
15. Bxf3 Qg3 16. Ne2 Qe5 17. Nd4 Bc7 18. Rf1 Bd7 19. Bd2 Rf6 20. a4 Raf8 21.
Kf2 Qg3+ 22. Ke2 Ne5 23. Be1 Qh2 24. Rf2 Nxf3 25. Nxf3 Qd6 26. Qc2 Be8 27. c4
Bg6 28. c5 Qg3 29. Qb2 Be4 30. Kd1 Rxf3 31. gxf3 Bxf3+ 32. Kc1 Be5 33. Qa3 Bxa1
34. Qxa1 Qg5 35. Qc3 Qf6 36. b5 Qxc3+ 37. Bxc3 Be4 38. Rxf8+ Kxf8 39. c6 bxc6
40. bxc6 d4 41. c7 Bb7 42. Bxd4 a6 43. h4 g6 44. Kd2 Ke7 45. Be5 Kd7 46. Kc3 a5
47. Kc4 Bc6 48. Kc5 Bxa4 49. Kb6 Kc8 50. Kxa5 Bc2 51. Kb6 h6 52. Bf4 h5 1/2-1/2

[Event "Vesterhav"]
[Site "Esbjerg"]
[Date "2008.07.15"]
[Round "7"]
[White "Madsen, Egon Rysgaard"]
[Black "Nordin, Eric"]
[Result "0-1"]
[WhiteElo "1677"]
[BlackElo "1991"]
[PlyCount "68"]
[EventDate "2008.07.11"]
[EventType "swiss"]
[EventRounds "10"]
[EventCountry "DEN"]
[Source "ChessBase"]
[SourceDate "2008.09.01"]

1. e4 d6 2. d4 Nf6 3. Nc3 g6 4. f4 Bg7 5. Nf3 c5 6. d5 O-O 7. Be2 Bg4 8. O-O
Nbd7 9. Be3 a6 10. a4 Ne8 11. Rb1 Qa5 12. Qd3 Bxf3 13. Bxf3 Bxc3 14. Qxc3 Qxa4
15. e5 Qb4 16. Bg4 f5 17. exf6 Ndxf6 18. Be6+ Kg7 19. g4 Qxc3 20. bxc3 b5 21.
f5 Nxg4 22. Bg5 Ngf6 23. fxg6 hxg6 24. Rf3 Nc7 25. c4 b4 26. Rbf1 Nxe6 27. dxe6
a5 28. Rh3 Rh8 29. Rhf3 a4 30. Bxf6+ exf6 31. Rxf6 Rhf8 32. Rf7+ Rxf7 33. Rxf7+
Kg8 34. Rd7 a3 0-1

[Event "Vesterhav"]
[Site "Esbjerg"]
[Date "2008.07.15"]
[Round "7"]
[White "Marshall, Michael"]
[Black "Brondt, Nicolai Kvist"]
[Result "0-1"]
[WhiteElo "1917"]
[BlackElo "1966"]
[PlyCount "120"]
[EventDate "2008.07.11"]
[EventType "swiss"]
[EventRounds "10"]
[EventCountry "DEN"]
[Source "ChessBase"]
[SourceDate "2008.09.01"]

1. d4 d5 2. Nf3 Nf6 3. e3 Bf5 4. c4 c6 5. cxd5 cxd5 6. Nc3 e6 7. Bb5+ Nbd7 8.
Ne5 a6 9. Nxd7 Nxd7 10. Bd3 Bxd3 11. Qxd3 Bd6 12. e4 dxe4 13. Nxe4 Bb4+ 14. Bd2
Bxd2+ 15. Qxd2 O-O 16. O-O Nf6 17. Ng5 Qb6 18. Nf3 Rfd8 19. Rfd1 Rd5 20. Qe2
Rad8 21. Rd2 Nd7 22. Rad1 Nb8 23. Qc4 Nc6 24. Kf1 Qa5 25. Ke2 h6 26. a3 Qb6 27.
Ke1 Na5 28. Qc3 Nc6 29. h3 Qa7 30. Kf1 Qb8 31. Qe3 Qd6 32. Qc3 Na7 33. Ke1 Nb5
34. Qe3 Na7 35. Qc3 Nc6 36. Kf1 Qc7 37. Ne5 R5d6 38. Nf3 Qe7 39. Re1 Qd7 40.
Red1 Rc8 41. Qe3 Rd8 42. Ke1 Qc7 43. Qc3 Qb6 44. h4 Rd5 45. g3 Na7 46. Ne5 Nb5
47. Qe3 Nxd4 48. Kf1 Qb5+ 49. Kg2 Rxe5 50. Rxd4 Rxd4 51. Qxd4 Rd5 52. Qg4 Rxd1
53. Qxd1 Qd5+ 54. Qxd5 exd5 55. Kf3 Kf8 56. Ke3 Ke7 57. f4 Kd6 58. Kd3 Kc6 59.
g4 g5 60. hxg5 hxg5 0-1

[Event "Vesterhav"]
[Site "Esbjerg"]
[Date "2008.07.15"]
[Round "7"]
[White "Mortensen, Henrik"]
[Black "Bonnelykke, Ole"]
[Result "1/2-1/2"]
[WhiteElo "2019"]
[BlackElo "2148"]
[PlyCount "54"]
[EventDate "2008.07.11"]
[EventType "swiss"]
[EventRounds "10"]
[EventCountry "DEN"]
[Source "ChessBase"]
[SourceDate "2008.09.01"]

1. e4 Nf6 2. e5 Nd5 3. d4 d6 4. Nf3 Bg4 5. Be2 e6 6. c4 Nb6 7. O-O Nc6 8. exd6
cxd6 9. d5 exd5 10. cxd5 Bxf3 11. Bxf3 Ne5 12. Be4 Be7 13. Nc3 O-O 14. g3 f5
15. Bg2 Qd7 16. Ne2 Bf6 17. Nd4 Na4 18. f4 Nc4 19. Ne6 Rac8 20. Qd3 g6 21. Rb1
Naxb2 22. Bxb2 Nxb2 23. Qb3 Nc4 24. Qxb7 Qe8 25. Rfe1 Rb8 26. Qxa7 Ra8 27. Qb7
Rb8 1/2-1/2

[Event "Vesterhav"]
[Site "Esbjerg"]
[Date "2008.07.15"]
[Round "7"]
[White "Motzkus, Mikkel"]
[Black "Flindt, Thomas"]
[Result "0-1"]
[WhiteElo "1995"]
[BlackElo "2166"]
[PlyCount "68"]
[EventDate "2008.07.11"]
[EventType "swiss"]
[EventRounds "10"]
[EventCountry "DEN"]
[Source "ChessBase"]
[SourceDate "2008.09.01"]

1. d4 Nc6 2. Nf3 d6 3. d5 Ne5 4. e4 Nxf3+ 5. Qxf3 e5 6. Bb5+ Bd7 7. Bxd7+ Qxd7
8. O-O g6 9. c4 Bg7 10. Nc3 Ne7 11. Bg5 f5 12. Bxe7 Qxe7 13. Qe2 O-O 14. f3 Bf6
15. b4 h5 16. Rab1 h4 17. a4 Bg5 18. a5 Bf4 19. Rb3 Qg5 20. Nb5 Rf7 21. c5 a6
22. Na3 Qe7 23. Rc3 Rff8 24. Rb1 Rab8 25. Qc2 Qg5 26. cxd6 cxd6 27. Rc7 h3 28.
exf5 Rxf5 29. Nc4 hxg2 30. Qxg2 Qh6 31. Kf1 Rg5 32. Qh1 e4 33. Rb3 Qh3+ 34. Ke1
Bxh2 0-1

[Event "Vesterhav"]
[Site "Esbjerg"]
[Date "2008.07.15"]
[Round "7"]
[White "Munksgaard, Dennis"]
[Black "Luther, Lasse"]
[Result "0-1"]
[WhiteElo "2022"]
[BlackElo "1912"]
[PlyCount "62"]
[EventDate "2008.07.11"]
[EventType "swiss"]
[EventRounds "10"]
[EventCountry "DEN"]
[Source "ChessBase"]
[SourceDate "2008.09.01"]

1. e4 e6 2. d4 d5 3. exd5 exd5 4. Nf3 Bg4 5. Bd3 Nc6 6. c3 Bd6 7. O-O Nge7 8.
Bg5 Qd7 9. Nbd2 O-O-O 10. b4 f6 11. b5 Nxd4 12. cxd4 fxg5 13. Qa4 Kb8 14. Ne5
Bxe5 15. dxe5 Ng6 16. Nb3 Nf4 17. Na5 Ka8 18. Nc6 bxc6 19. bxc6 Qe6 20. Rab1
Rb8 21. Rb3 Rxb3 22. axb3 Qc8 23. Ba6 Qf8 24. Bb7+ Kb8 25. b4 Ne2+ 26. Kh1 Qf4
27. f3 Rf8 28. Ra1 Qd4 29. Qa6 Qf2 30. h3 Rxf3 31. gxf3 Ng3# 0-1